Open GL : (Record no. 7111)

MARC details
000 -LEADER
fixed length control field 00634cam a2200241ua 4500
008 - FIXED-LENGTH DATA ELEMENTS--GENERAL INFORMATION
fixed length control field 150103n ii |||gr||||Z||||||eng
020 ## - INTERNATIONAL STANDARD BOOK NUMBER
International Standard Book Number 9788131721841
040 ## - CATALOGING SOURCE
Transcribing agency MAIN
041 ## - LANGUAGE CODE
-- eng
082 ## - DEWEY DECIMAL CLASSIFICATION NUMBER
Classification number 005.1
100 ## - MAIN ENTRY--PERSONAL NAME
Personal name Shreiner, D.,
Relator term
245 1# - TITLE STATEMENT
Title Open GL :
Remainder of title Programming guide /
Statement of responsibility, etc. By Dave Shreiner .
250 ## - EDITION STATEMENT
Edition statement 6th ed.
260 ## - PUBLICATION, DISTRIBUTION, ETC.
Place of publication, distribution, etc. New Delhi:
Name of publisher, distributor, etc. Pearson,
Date of publication, distribution, etc. 2008.
300 ## - PHYSICAL DESCRIPTION
Extent xlvii,852p.
700 ## - ADDED ENTRY--PERSONAL NAME
Personal name Woo, M.,
Relator term
700 ## - ADDED ENTRY--PERSONAL NAME
Personal name Neider, J.,
Relator term
700 ## - ADDED ENTRY--PERSONAL NAME
Personal name Davis, T.,
Relator term
942 ## - ADDED ENTRY ELEMENTS (KOHA)
Koha item type Books
653 ## - INDEX TERM--UNCONTROLLED
Uncontrolled term Computer programming, programs & data
653 ## - INDEX TERM--UNCONTROLLED
Uncontrolled term Programming guide
Holdings
Withdrawn status Lost status Damaged status Not for loan Home library Current library Shelving location Date acquired Total Checkouts Full call number Barcode Date last seen Copy number Price effective from Koha item type
        Central Library, Naharkatiya College Central Library, Naharkatiya College General Stacks 19/09/2020   005.1 | OPE 22741 19/09/2020 1 19/09/2020 Books

Naharkatiya College © 2020. All rights reserved.

Powered By